Top 10 Nottingham Forest Premier League Scorers - Statistics

General Stats
  • This quiz has been taken 84 times
    24 since last reset
  • The average score is 4 of 10
Answer Stats
Player Goals % Correct
Chris Wood 38
94%
Morgan Gibbs-White 32
78%
Callum Hudson-Odoi 16
50%
Taiwo Awoniyi 21
50%
Stan Collymore 23
39%
Stuart Pearce 18
39%
Bryan Roy 24
33%
Ian Woan 17
22%
Jason Lee 12
17%
Steve Stone 16
11%
No matching quizzes found
Score Distribution
Percent of People with Each Score
Percentile by Number Answered
Your Score History
You have not taken this quiz since the last reset